<?xml version="1.0" encoding="UTF-8"?><?xml-stylesheet type="text/xsl" href="static/style.xsl"?><OAI-PMH xmlns="http://www.openarchives.org/OAI/2.0/" xmlns:xsi="http://www.w3.org/2001/XMLSchema-instance" xsi:schemaLocation="http://www.openarchives.org/OAI/2.0/ http://www.openarchives.org/OAI/2.0/OAI-PMH.xsd"><responseDate>2026-04-17T21:07:07Z</responseDate><request verb="GetRecord" identifier="oai:www.recercat.cat:11351/10356" metadataPrefix="marc">https://recercat.cat/oai/request</request><GetRecord><record><header><identifier>oai:recercat.cat:11351/10356</identifier><datestamp>2025-10-24T10:58:05Z</datestamp><setSpec>com_2072_378068</setSpec><setSpec>com_2072_378040</setSpec><setSpec>col_2072_378090</setSpec></header><metadata><record xmlns="http://www.loc.gov/MARC21/slim" xmlns:dcterms="http://purl.org/dc/terms/" xmlns:xsi="http://www.w3.org/2001/XMLSchema-instance" xmlns:doc="http://www.lyncode.com/xoai" xsi:schemaLocation="http://www.loc.gov/MARC21/slim http://www.loc.gov/standards/marcxml/schema/MARC21slim.xsd">
   <leader>00925njm 22002777a 4500</leader>
   <datafield ind2=" " ind1=" " tag="042">
      <subfield code="a">dc</subfield>
   </datafield>
   <datafield ind2=" " ind1=" " tag="720">
      <subfield code="a">Carrasco Ribelles, Lucía Amalia</subfield>
      <subfield code="e">author</subfield>
   </datafield>
   <datafield ind2=" " ind1=" " tag="720">
      <subfield code="a">Llanes Jurado, Jose</subfield>
      <subfield code="e">author</subfield>
   </datafield>
   <datafield ind2=" " ind1=" " tag="720">
      <subfield code="a">Gallego Moll, Carlos</subfield>
      <subfield code="e">author</subfield>
   </datafield>
   <datafield ind2=" " ind1=" " tag="720">
      <subfield code="a">Cabrera-Bean, Margarita</subfield>
      <subfield code="e">author</subfield>
   </datafield>
   <datafield ind2=" " ind1=" " tag="720">
      <subfield code="a">Monteagudo, Mònica</subfield>
      <subfield code="e">author</subfield>
   </datafield>
   <datafield ind2=" " ind1=" " tag="720">
      <subfield code="a">Violán-Fors, Concepción</subfield>
      <subfield code="e">author</subfield>
   </datafield>
   <datafield ind2=" " ind1=" " tag="720">
      <subfield code="a">Zabaleta-del-Olmo, Edurne</subfield>
      <subfield code="e">author</subfield>
   </datafield>
   <datafield ind2=" " ind1=" " tag="260">
      <subfield code="c">2023-09-26T12:21:44Z</subfield>
   </datafield>
   <datafield ind2=" " ind1=" " tag="260">
      <subfield code="c">2023-09-26T12:21:44Z</subfield>
   </datafield>
   <datafield ind2=" " ind1=" " tag="260">
      <subfield code="c">2023-09</subfield>
   </datafield>
   <datafield ind2=" " ind1=" " tag="520">
      <subfield code="a">Intel·ligència artificial; Registres sanitaris electrònics; Model predictiu</subfield>
   </datafield>
   <datafield ind2=" " ind1=" " tag="520">
      <subfield code="a">Inteligencia artificial; Registros sanitarios electrónicos; Modelo predictivo</subfield>
   </datafield>
   <datafield ind2=" " ind1=" " tag="520">
      <subfield code="a">Artificial intelligence; Electronic health records; Predictive model</subfield>
   </datafield>
   <datafield ind2=" " ind1=" " tag="520">
      <subfield code="a">Objective: To describe and appraise the use of artificial intelligence (AI) techniques that can cope with longitudinal data from electronic health records (EHRs) to predict health-related outcomes. Methods: This review included studies in any language that: EHR was at least one of the data sources, collected longitudinal data, used an AI technique capable of handling longitudinal data, and predicted any health-related outcomes. We searched MEDLINE, Scopus, Web of Science, and IEEE Xplorer from inception to January 3, 2022. Information on the dataset, prediction task, data preprocessing, feature selection, method, validation, performance, and implementation was extracted and summarized using descriptive statistics. Risk of bias and completeness of reporting were assessed using a short form of PROBAST and TRIPOD, respectively. Results: Eighty-one studies were included. Follow-up time and number of registers per patient varied greatly, and most predicted disease development or next event based on diagnoses and drug treatments. Architectures generally were based on Recurrent Neural Networks-like layers, though in recent years combining different layers or transformers has become more popular. About half of the included studies performed hyperparameter tuning and used attention mechanisms. Most performed a single train-test partition and could not correctly assess the variability of the model’s performance. Reporting quality was poor, and a third of the studies were at high risk of bias. Conclusions: AI models are increasingly using longitudinal data. However, the heterogeneity in reporting methodology and results, and the lack of public EHR datasets and code sharing, complicate the possibility of replication.</subfield>
   </datafield>
   <datafield ind1="8" ind2=" " tag="024">
      <subfield code="a">http://hdl.handle.net/11351/10356</subfield>
   </datafield>
   <datafield tag="653" ind2=" " ind1=" ">
      <subfield code="a">Intel·ligència artificial - Aplicacions a la medicina</subfield>
   </datafield>
   <datafield tag="653" ind2=" " ind1=" ">
      <subfield code="a">Registres mèdics</subfield>
   </datafield>
   <datafield tag="653" ind2=" " ind1=" ">
      <subfield code="a">Històries clíniques - Informàtica</subfield>
   </datafield>
   <datafield tag="653" ind2=" " ind1=" ">
      <subfield code="a">PHENOMENA AND PROCESSES::Mathematical Concepts::Algorithms::Artificial Intelligence</subfield>
   </datafield>
   <datafield tag="653" ind2=" " ind1=" ">
      <subfield code="a">ANALYTICAL, DIAGNOSTIC AND THERAPEUTIC TECHNIQUES, AND EQUIPMENT::Investigative Techniques::Epidemiologic Methods::Data Collection::Records::Medical Records::Medical Records Systems, Computerized</subfield>
   </datafield>
   <datafield tag="653" ind2=" " ind1=" ">
      <subfield code="a">HEALTH CARE::Health Services Administration::Organization and Administration::Records::Medical Records</subfield>
   </datafield>
   <datafield tag="653" ind2=" " ind1=" ">
      <subfield code="a">FENÓMENOS Y PROCESOS::conceptos matemáticos::algoritmos::inteligencia artificial</subfield>
   </datafield>
   <datafield tag="653" ind2=" " ind1=" ">
      <subfield code="a">TÉCNICAS Y EQUIPOS ANALÍTICOS, DIAGNÓSTICOS Y TERAPÉUTICOS::técnicas de investigación::métodos epidemiológicos::recopilación de datos::registros::registros médicos::sistemas informatizados de historias clínicas::historias clínicas electrónicas</subfield>
   </datafield>
   <datafield tag="653" ind2=" " ind1=" ">
      <subfield code="a">ATENCIÓN DE SALUD::administración de los servicios de salud::organización y administración::registros::registros médicos</subfield>
   </datafield>
   <datafield ind2="0" ind1="0" tag="245">
      <subfield code="a">Prediction models using artificial intelligence and longitudinal data from electronic health records: a systematic methodological review</subfield>
   </datafield>
</record></metadata></record></GetRecord></OAI-PMH>